Fast Typing BTS! - Statistics

General Stats
  • This quiz has been taken 223 times
  • The average score is 66 of 120
Answer Stats
Answer % Correct
BTS
100%
BTS
96%
BTS
94%
BTS
94%
BTS
92%
BTS
90%
BTS
89%
BTS
89%
BTS
89%
BTS
89%
BTS
88%
BTS
88%
BTS
88%
BTS
86%
BTS
86%
BTS
86%
BTS
86%
BTS
85%
BTS
85%
BTS
85%
BTS
84%
BTS
84%
BTS
83%
BTS
83%
BTS
82%
BTS
81%
BTS
81%
BTS
81%
BTS
81%
BTS
81%
BTS
80%
BTS
80%
BTS
80%
BTS
78%
BTS
78%
BTS
78%
BTS
77%
BTS
76%
BTS
76%
BTS
75%
BTS
75%
BTS
74%
BTS
72%
BTS
72%
BTS
72%
BTS
70%
BTS
70%
BTS
70%
BTS
70%
BTS
70%
BTS
70%
BTS
69%
BTS
69%
BTS
69%
BTS
69%
BTS
68%
BTS
66%
BTS
64%
BTS
63%
BTS
63%
BTS
62%
BTS
61%
BTS
60%
BTS
57%
BTS
57%
BTS
57%
BTS
55%
BTS
52%
BTS
52%
BTS
50%
BTS
49%
BTS
48%
BTS
47%
BTS
45%
BTS
43%
BTS
43%
BTS
42%
BTS
39%
BTS
36%
BTS
35%
BTS
34%
BTS
34%
BTS
33%
BTS
32%
BTS
32%
BTS
31%
BTS
30%
BTS
30%
BTS
26%
BTS
25%
BTS
25%
BTS
25%
BTS
25%
BTS
25%
BTS
23%
BTS
23%
BTS
22%
BTS
20%
BTS
20%
BTS
18%
BTS
18%
BTS
17%
BTS
17%
BTS
17%
BTS
17%
BTS
17%
BTS
17%
BTS
16%
BTS
16%
BTS
16%
BTS
15%
BTS
14%
BTS
13%
BTS
11%
BTS
11%
BTS
10%
BTS
10%
BTS
10%
BTS
10%
BTS
10%
No matching quizzes found
Score Distribution
Percent of People with Each Score
Percentile by Number Answered
Your Score History
You have not taken this quiz